000 00601nam a22002057a 4500
999 _c5902
_d5902
003 AR-CdUCM
008 190313b ||||| |||| 00| 0 spa d
040 _aMUNICIPALIDAD PROVINCIAL DEL CUSCO
_cBIBLIOTECA MUNICIPAL DEL CUSCO
082 _a869.26 /
_bG77
100 _aGraiver, Bernardo
_917392
245 _aSemsiramis /
260 _aBuenos Aires :
_bArgonauta,
_c1949.
300 _a127 páginas ;
_bilustraciones,
_c20 cm.
500 _aDonación de la familia Nieto.
650 _aPoesía
_9139
650 _aArgentina
_9511
650 _aSiglo XX
_98
942 _2ddc
_cLIBROS
945 _araen